ბათუმის შოთა რუსთაველის სახელმწიფო უნივერსიტეტის ბიბლიოთეკა

Избранное : (ბიბ.ჩანაწერი № 49634)

000 -LEADER
fixed length control field 00777nam a2200241Ia 4500
001 - CONTROL NUMBER
control field 16566
003 - CONTROL NUMBER IDENTIFIER
control field GE_BSU
005 - DATE AND TIME OF LATEST TRANSACTION
control field 20250128173804.0
008 - FIXED-LENGTH DATA ELEMENTS--GENERAL INFORMATION
fixed length control field 181216s1978||||ru |||||||||||||| ||rus||
040 ## - CATALOGING SOURCE
Transcribing agency GE_BSU
041 ## - LANGUAGE CODE
Language code of text/sound track or separate title rus
080 ## - UNIVERSAL DECIMAL CLASSIFICATION NUMBER
Universal Decimal Classification number 821.161.1-1 б-70
100 ## - MAIN ENTRY--PERSONAL NAME
Personal name Блок, А.
9 (RLIN) 24160
245 ## - TITLE STATEMENT
Title Избранное :
Remainder of title Стихотворения и поэмы /
Statement of responsibility, etc. A. Блок ; Сост. В. Г. Фридлянд ; Вступ. статья К. И. Чуковского ; Илл. чуд. И. С. Глазунова.
260 ## - PUBLICATION, DISTRIBUTION, ETC.
Place of publication, distribution, etc. Москва
260 ## - PUBLICATION, DISTRIBUTION, ETC.
Name of publisher, distributor, etc. Правда
260 ## - PUBLICATION, DISTRIBUTION, ETC.
Date of publication, distribution, etc. 1978
300 ## - PHYSICAL DESCRIPTION
Extent 180 стр. ;
Dimensions 21см.
653 ## - INDEX TERM--UNCONTROLLED
keyword Избранное
653 ## - INDEX TERM--UNCONTROLLED
keyword Стихотворения и поэмы
942 ## - ADDED ENTRY ELEMENTS (KOHA)
Koha item type წიგნი
Source of classification or shelving scheme
ეგზემპლარები
Withdrawn status Lost status Source of classification or shelving scheme Damaged status Not for loan Permanent Location Current Location Shelving location Date acquired Cost, normal purchase price Full call number Barcode Date last seen Copy number Price effective from Koha item type Public note
          ბათუმის შოთა რუსთაველის სახელმწიფო უნივერსიტეტის მთავარი ბიბლიოთეკა ბათუმის შოთა რუსთაველის სახელმწიფო უნივერსიტეტის მთავარი ბიბლიოთეკა წიგნსაცავი 2018-12-17 6.00 821.161.1-1 б-70 27649 2018-12-17 27649 2018-12-17 წიგნი 6.00 ₾.